| 000 | 00537nam a22001697a 4500 | ||
|---|---|---|---|
| 005 | 20251030122651.0 | ||
| 008 | 251030b |||||||| |||| 00| 0 eng d | ||
| 020 | _a0838586805 | ||
| 050 |
_aRT84.5 _b.W34 |
||
| 100 | _aWalker, Lorriane Olszewski | ||
| 245 |
_aStrategies for Theory Construction in Nursing _cLorraine Olszewski Walker & Kay Coalson Avant |
||
| 250 | _a2nd ed. | ||
| 260 |
_aNorwalk, Connecticut _bAppleton & Lange _c1988 |
||
| 300 |
_axi. 227p. _bill. _c23cm |
||
| 700 | _aAvant, Kay Coalson | ||
| 942 |
_2lcc _cBK _e2nd ed. _n0 |
||
| 999 |
_c7951 _d7951 |
||